Online
Catalog

La situación laboral en la República Dominicana / (Record no. 5662)

MARC details
000 -CABECERA
campo de control de longitud fija 01621nam a2200277 a 4500
001 - NÚMERO DE CONTROL
campo de control 000005866
003 - IDENTIFICADOR DEL NÚMERO DE CONTROL
campo de control DO-SdBNP
005 - FECHA Y HORA DE LA ÚLTIMA TRANSACCIÓN
campo de control 20260305073950.0
008 - DATOS DE LONGITUD FIJA--INFORMACIÓN GENERAL
campo de control de longitud fija 090824s1983 dr 001 0 spa d
040 ## - FUENTE DE LA CATALOGACIÓN
Centro catalogador/agencia de origen DO-SdBNP
Lengua de catalogación spa
Centro/agencia transcriptor BNPHU
082 #4 - NÚMERO DE LA CLASIFICACIÓN DECIMAL DEWEY
Número de clasificación 331.1109
Número de documento/Ítem S623L
Número de edición 22
245 03 - MENCIÓN DE TÍTULO
Título La situación laboral en la República Dominicana /
Mención de responsabilidad, etc. editor Frank Moya Pons.
260 ## - PUBLICACIÓN, DISTRIBUCIÓN, ETC.
Lugar de publicación, distribución, etc. Santo Domingo :
Nombre del editor, distribuidor, etc. Amigo del Hogar,
Fecha de publicación, distribución, etc. 1983.
300 ## - DESCRIPCIÓN FÍSICA
Extensión 101 p. ;
Dimensiones 22 cm.
490 ## - MENCIÓN DE SERIE
Mención de serie FORUM
Designación de volumen o secuencia 8
500 ## - NOTA GENERAL
Nota general Exposiciones presentadas en el Encuentro sobre La Situación Laboral en la República Dominicana, celebrado por FORUM el miércoles 15 de diciembre de 1982, en el Hotel Santo Domingo Sur.
505 0# - NOTA DE CONTENIDO CON FORMATO
Información miscelánea Presentación /
Mención de responsabilidad Frank Moya Pons --
Título Introducción --
-- La situación laboral en la República Dominicana /
Mención de responsabilidad Lupo Hernández Rueda --
-- El costo de la vida, la situación de empleo y su repercusión en los trabajadores y sus organizaciones /
-- Julio de Peña Valdez --
Título La legislación laboral y efectos en el seno de los trabajadores /
Mención de responsabilidad Jacinto de los Santos --
Título Necesidad de un sindicalismo independiente /
Mención de responsabilidad José Gómez Cerda --
Título Los empleadores dominicanos y las relaciones obrero-patronales /
Mención de responsabilidad Heriberto de Castro.
590 ## - NOTA LOCAL (RLIN)
Nota local Inventariado, 2018/VM
650 #4 - PUNTO DE ACCESO ADICIONAL DE MATERIA--TÉRMINO DE MATERIA
Término de materia o nombre geográfico como elemento de entrada Relaciones industriales
Subdivisión de forma CONGRESOS, CONFERENCIAS, ETC.
9 (RLIN) 16537
650 #4 - PUNTO DE ACCESO ADICIONAL DE MATERIA--TÉRMINO DE MATERIA
Término de materia o nombre geográfico como elemento de entrada Legislación laboral
Subdivisión de forma CONGRESOS, CONFERENCIAS, ETC.
9 (RLIN) 16538
650 #4 - PUNTO DE ACCESO ADICIONAL DE MATERIA--TÉRMINO DE MATERIA
Término de materia o nombre geográfico como elemento de entrada Procedimiento laboral
Subdivisión de forma CONGRESOS, CONFERENCIAS, ETC.
9 (RLIN) 16539
700 1# - PUNTO DE ACCESO ADICIONAL--NOMBRE DE PERSONA
Nombre de persona Moya Pons, Frank,
Fechas asociadas al nombre 1944-
Término indicativo de función/relación ed.
9 (RLIN) 2095
830 #0 - PUNTO DE ACCESO ADICIONAL DE SERIE-TÍTULO UNIFORME
Título uniforme FORUM
Designación de volumen o secuencia 8
9 (RLIN) 7431
910 ## - DATOS DE OPCIÓN DEL USUARIO (OCLC)
Datos de opción del usuario Validado. Control de calidad EMS
942 ## - ELEMENTOS DE PUNTO DE ACCESO ADICIONAL (KOHA)
Fuente del sistema de clasificación o colocación Dewey Decimal Classification
Tipo de ítem Koha Libro
Holdings
Estado de retiro Estado de pérdida Fuente del sistema de clasificación o colocación Restricciones de uso No para préstamo Código de colección Localización permanente Ubicación/localización actual Ubicación en estantería Fecha de adquisición Total de préstamos Signatura topográfica completa Código de barras Fecha visto por última vez Número de copia Precio válido a partir de Tipo de ítem Koha
    Dewey Decimal Classification Préstamo en sala   Dominicana de Servicio Biblioteca Nacional Pedro Henríquez Ureña General Depósito 01.08.2019   BNPHU DS 331.1109 S623L 5866-30 25.06.2020 e.3 25.06.2020 Libro y Folleto Colección Dominicana de Servicio
    Dewey Decimal Classification Excluido de préstamo Excluido de préstamo Patrimonio Dominicano Biblioteca Nacional Pedro Henríquez Ureña Patrimonio Dominicano Depósito 24.08.2009   BNPHU PD 331.1109 S623L 5866-10 25.06.2020   25.06.2020 Libro y Folleto Colección Patrimonio Dominicano
    Dewey Decimal Classification Préstamo restringido Préstamo restrigido Patrimonio Dominicano Biblioteca Nacional Pedro Henríquez Ureña Patrimonio Dominicano Depósito 03.05.2012   BNPHU PD 331.1109 S623L 5866-20 25.06.2020 e.2 25.06.2020 Libro y Folleto Colección Patrimonio Dominicano

Powered by Koha